El arte de leer /
Partiendo de la idea de Voltaire de que "se lee demasiado poco y, aún entre los que lo hacen para instruirse, la mayoría lee muy mal", Emilio Faguet en este libro trata de hacer lectores críticos. Divide su estudio en los diferentes tipos de autores resaltando como varía la lectura de poesía, teatro...
Kaydedildi:
| Yazar: | |
|---|---|
| Materyal Türü: | Kitap |
| Dil: | İspanyolca |
| Baskı/Yayın Bilgisi: |
Valencia, España :
Prometeo,
hacia 1915
|
| Konular: | |
| Etiketler: |
Etiket eklenmemiş, İlk siz ekleyin!
|
MARC
| LEADER | 00000nam^a2200000^a^4500 | ||
|---|---|---|---|
| 001 | 000118602 | ||
| 005 | 20250526000000.0 | ||
| 009 | 20260310094247.848 | ||
| 037 | |a Acervo ITESO - Biblioteca | ||
| 041 | |a ESP | ||
| 082 | |a 302. 232 |b FAG | ||
| 100 | |a Faguet, Emile |e (autor) | ||
| 245 | 1 | 3 | |a El arte de leer / |c E. Faguet ; tr. por José Francés. |
| 264 | 1 | |a Valencia, España : |b Prometeo, |c hacia 1915 | |
| 300 | |a 234 p. ; |c 19.0 cm. | ||
| 336 | |a texto |b txt |2 rdacontenido | ||
| 337 | |a sin mediación |b n |2 rdamedio | ||
| 338 | |a volumen |b nc |2 rdasoporte | ||
| 520 | |a Partiendo de la idea de Voltaire de que "se lee demasiado poco y, aún entre los que lo hacen para instruirse, la mayoría lee muy mal", Emilio Faguet en este libro trata de hacer lectores críticos. Divide su estudio en los diferentes tipos de autores resaltando como varía la lectura de poesía, teatro, libros de sentimientos, de ideas, entre otros. | ||
| 649 | |a XX | ||
| 650 | |a Lectura - |x Tema Principal | ||
| 650 | |a Consumo y Oferta Cultural | ||
| 650 | |a Prácticas Culturales | ||
| 650 | |a Ocio y Tiempo Libre | ||
| 650 | |a Literatura - |x Difusión | ||
| 650 | |a Literatura - |x Historia y Crítica | ||
| 910 | |a Fondo Salvador Reynoso Reynoso | ||
| 920 | |a Impresos - Libros | ||
| 930 | |a Libros Antiguos y Raros | ||
| 905 | |a 108 | ||
| 901 | |a 0800005220 |b IT2 |c LRA |u 20250526 | ||
| 902 | |a https://opac.biblio.iteso.mx/vufind/Record/000118602 | ||